Lives of destiny : inspiring tales from different lands

Bibliographic Details
Main Author: Murthi, R. K.
Format: Book
Published: New Delhi : Vikas Publishing House , 2014
Subjects:

MARC

LEADER 00000cam a2200000 7i4500
001 0000053014
005 20230713125437.0
008 151013
020 |a 8125902492 
020 |a 9788125902492 
090 0 0 |a CT   |b ENG 
100 1 |a Murthi, R. K. 
245 1 0 |a Lives of destiny :   |b inspiring tales from different lands   |c R.K.Murthi 
260 |a New Delhi :   |b Vikas Publishing House ,   |c 2014 
300 |a 96pg. :   |b ill. 
500 |a Children ages 7-9 years old (orange) 
650 0 |a Classic Tales 
999 |a 0001349935   |b Book   |c Children Collection   |e Cawangan Tangkak 
999 |a 0001349936   |b Book   |c Children Collection   |e Cawangan Tmn. Ungku Tun Aminah 
999 |a 0001349937   |b Book   |c Children Collection   |e Cawangan Muar 
999 |a 0001349939   |b Book   |c Children Collection   |e Cawangan Segamat 
999 |a 0001349940   |b Book   |c Children Collection   |e Cawangan Pontian 
999 |a 0001349941   |b Book   |c Children Collection   |e Cawangan Mersing 
999 |a 0001349942   |b Book   |c Children Collection   |e Cawangan Taman Sri Lambak 
999 |a 0001349944   |b Book   |c Children Collection   |e Cawangan Bandar Penawar 
999 |a 0001349945   |b Book   |c Children Collection   |e Cawangan Bandar Tenggara 
999 |a 0001351591   |b Book   |c Children Collection   |e Cawangan Urban Transformation Centre 
999 |a 0001351592   |b Book   |c Children Collection   |e Perbadanan Perpustakaan Awam Johor 
999 |a 0001703319   |b Book   |c Children Collection   |e Perbadanan Perpustakaan Awam Johor